Vista normal
Vista MARC
Entrada Materia (personas)
Número de registros utilizados en: 4
001 - CONTROL NUMBER
- control field: 60695
003 - CONTROL NUMBER IDENTIFIER
- control field: Co-BoUCM
005 - DATE AND TIME OF LATEST TRANSACTION
- control field: 20140507152405.0
008 - FIXED-LENGTH DATA ELEMENTS
- fixed length control field: 140507|| aca||aabn | a|a d
040 ## - CATALOGING SOURCE
- Original cataloging agency: Co-BoUCM
- Transcribing agency: Co-BoUCM
100 ## - HEADING--PERSONAL NAME
- Personal name: Collins, Wilkie,
- Dates associated with a name: 1824-1889.
670 ## - SOURCE DATA FOUND
- Source citation: Work cat.: (Co-BoUCM)0: Collins, Wilkie, 1824-1889., Armadale, 1866